01723nam a2200301 i 4500003000900000005001700009006001900026007000300045008004100048040003000089082001400119110010400133245014200237246004000379264004000419300004500459336002700504337003300531338002800564500009300592504003800685505045400723590002701177700005401204942001401258952013201272999001701404DO-SdBNP20250116073944.0a||||br|||| 00| 0 ta230809e1982 |||ad||| |||| 00| 0 spa d aDO-SdBNPbspacBNPHUerda 4222bR426p1 aRepública Dominicana.bSecretaría de Estado de Educación, Bellas Artes y Cultoseautor92396510aPrograma del primer curso del segundo ciclo de la reforma de la educación primaria. /cPresentación, Ángel E. Hernández Castillo.14aEducación Primaria:bquinto grado aSanto Domingo :b[sin lugar],c1982 a323 páginas :bIlustraciones ;c27 cm. 2rdacontentatextobtxt 2rdamediaasin mediaciónbn 2rdacarrieravolumenbnc aPortada: Mural del pintor Vela Zanetti, representa distintos aspectos de la educación. aBibliografía: páginas, [9-10] aPresentación.-- Agradecimiento.-- Resolución no.---- que aprueba los programas de 5to. grado de Educación Primaria.-- Comisión Elaboradora.-- Bibliografía para maestro.gObjetivos Generales del segundo ciclo:tLenguaje al Servicio de la Comunicación.-- Matemáticas.-- Estudios Sociales.-- La Naturaleza y sus Manifestaciones.-- Actividades Manuales y artes expresivas (Artes Plásticas).-- Educación Musical.-- Educación Física. aInventariado 2023 / MF1 aHernández Castillo, Ángel E.,epresentación 2ddccLBS1 00102ddc51708PDaBNPHUbBNPHUcCTd2014-08-09eDonado por Barbara Suncarl0oR426pp2023-5279r2023-08-09w2023-08-09yLBS1 c54368d54368